000
00199 a2200085 4500
020
_a
9781498707299
100
_a
TIANJIAN JI
245
_a
UNDERSTANDING AND USING STRUCTURAL CONCEPTS
260
_b
CRC PRESS
999
_c
13033
_d
13033